00640nam a2200169 a 450000100100000000500170001000800410002702000180006804000250008608200190011110000370013024501090016726000390027630000210031595201170033699900170045300004418120201002045211.0140605s2010 dr 000 0 spa d a9789945131291 aDO-SdBNPbspacBNPHU axxxxxxbxxxxxx1 aPeñaló S., Paulino A.97218513aEl código de peñaló :bprincipios de superación y seguridad personal /cPaulino A. Peñaló S. aSanto Domingo :bMediabyte,c2010. a167 p. ;c22 cm. 0010718PDaPDbPDcHDd2014-06-05iLF1l0oxxxxxx xxxxxxp44181-10r2020-06-25w2020-06-25yLFPDZNo se presta c43670d43670